000 00323 a2200133 4500
000 nam a22 7a 4500
100 _aकोर
110 _aकोर
245 _aYog evem Tanav Prabhandhan
250 _alatest edition
260 _bFriends publication
_c2024
264 _bFriends publication
_c2024
942 _cBK
999 _c396148
_d396148